|
|
|
|
| LEADER |
01251nam a22002657a 4500 |
| 001 |
44478 |
| 003 |
BD-DhAAL |
| 005 |
20250817103015.0 |
| 008 |
250703t2024 bg a|||| |||| 00| 0 eng d |
| 040 |
|
|
|a BD-DhAAL
|d BD-DhAAL
|
| 082 |
|
|
|a 320.95492
|2 23
|
| 245 |
|
|
|a BIGD reflections 2024 /
|c edited by Nusrat Jahan, Mihid Hasan.
|
| 260 |
|
|
|a Dhaka, Bangladesh :
|b BIGD, BRAC University,
|c 2024.
|
| 300 |
|
|
|a 73 pages :
|b illustrations ;
|c 27 cm.
|
| 504 |
|
|
|a Includes bibliographical references.
|
| 541 |
|
|
|a Complimentary copy from BIGD
|e 44478
|
| 651 |
|
|
|a Bangladesh
|x Politics and government
|y 2024-
|9 57233
|
| 700 |
|
|
|a Jahan, Nusrat.
|9 48814
|
| 700 |
|
|
|a Hasan, Mihid.
|9 48815
|
| 710 |
|
|
|a BRAC Institute of Governance and Development (BIGD)
|9 59094
|
| 710 |
|
|
|a BRAC University
|
| 856 |
|
|
|z BIGD Reflections 2024 : A publication of BRAC Institute of Governance and Development (BIGD), BRAC University
|u https://bigd.bracu.ac.bd/wp-content/uploads/2025/02/Reflections-2024_BIGD_Final.pdf
|
| 942 |
|
|
|2 ddc
|c BK
|
| 999 |
|
|
|c 47317
|d 47317
|
| 952 |
|
|
|0 0
|1 0
|2 ddc
|4 0
|6 320_954920000000000_BIG
|7 0
|8 RPT
|9 77850
|a BRACUL
|b BRACUL
|c GEN
|d 2025-07-03
|e Complimentary copy from BIGD
|l 0
|o 320.95492 BIG
|p 3010044478
|r 2025-07-03
|t 1
|w 2025-07-03
|y BK
|x Complimentary copy from BIGD
|